00942ntm a22002177a 450000500170000000800410001704000280005808200170008610000420010324501410014526000090028630000370029550001840033259000110051665000390052765300230056665500090058994200080059899900170060695201010062320170808132258.0170802s2013 xx a frb 000 0 eng d aEG-ScBUEbengcEG-ScBUE04222a624bCON1 aConstantine, Omar Ezz El-deen Hisham.1 aUltar high strength concrete by using mineral admixtures and supplementry cementing materials /cby Omar Ezz El-deen Hisham constantine. c2013 av, 46 p. :bill (col.) ;c28 cm. aA dissertation submitted to the faculty of engineering. the British university in Egypt, in partial Fulfillment of the requirements for the bachelor degree in civil engineering.  akarima 72BUEshaCivil EngineeringvProjects bENGCIVcAugust2017 vSPRO 2ddc c25139d25111 00102ddc4070aMAINbMAINc2NDd2017-08-07l0o624 CONp000046282r2025-07-15 00:00:00yPROJST